İstanbul Dedektifleri : (Record no. 23460)

MARC details
000 -BAŞLIK
Sabit Uzunluktaki Kontrol Alanı 00734nam a22002177a 4500
003 - KONTROL NUMARASI KİMLİĞİ
Kontrol Alanı koha_MIRAKIL
005 - EN SON İŞLEM TARİHİ ve ZAMANI
Kontrol Alanı 20260414103721.0
008 - SABİT UZUNLUKTAKİ VERİ ÖGELERİ - GENEL BİLGİ
Sabit Alan 260414b tur||||| |||| 00| 0 tur d
020 ## - ISBN - ULUSLARARASI STANDART KİTAP NUMARASI
Isbn 9786050811759
040 ## - KATALOGLAMA KAYNAĞI
Özgün Kataloglama Kurumu TR-IsEVY
Kataloglama Dili tur
Çeviri Kurumu TR-IsEVY
082 ## - DEWEY ONU SINIFLAMA SİSTEMİ
Sınıflama Numarası FIC ORA/İ
100 ## - KİŞİ ADI
Yazar Adı (Kişi adı) Orakçı, Mustafa
245 #0 - ESER ADI BİLDİRİMİ
Başlık İstanbul Dedektifleri :
Alt Eseradı vb. Profesör'ün sırrının peşinde /
Sorumluluk Bildirimi Mustafa Orakçı ; resimleyen Alp Türkbiner.
250 ## - BASIM BİLDİRİMİ
Basım Bildirimi 9. bs.
260 ## - YAYIN, DAĞITIM, VB.
Yayın Yeri İstanbul :
Yayınevi Genç Timaş Yayınları,
Yayın Tarihi 2019.
300 ## - FİZİKSEL TANIMLAMA
Sayfa, Cilt vb. 140 s. :
Diğer fiziki detaylar renkli resimli ;
Boyutları 19 cm.
490 0# - DİZİ BİLDİRİMİ
Dizi Bildirimi İstanbul Dedektifleri : 3.
650 ## - KONU BAŞLIĞI EK GİRİŞ - KONU TERİMİ
Konusal terim veya coğrafi ad Çocuk Edebiyatı.
Alt başlık biçimi Çocuk Romanı.
-- İstanbul.
700 1# - EK GİRİŞ - KİŞİ ADI
Yazar Adı (Kişi adı) Türkbiner, Alp.
Ünvan resimleyen.
942 ## - EK GİRİŞ ÖGELERİ (KOHA)
Source of classification or shelving scheme Dewey Decimal Classification
Koha item type Kitap
Holdings
Kayıp Durumu Sınıflandırma Kaynağı Hasarlı Durumu Koleksiyon Kodu Kalıcı Konum Mevcut Konum Kayıt Tarih Edinim Kaynağı Toplam Ödünçverme Yer Numarası Demirbaş Numarası Son Görülme Tarihi Fatura Tarihi Materyal Türü
  Dewey Decimal Classification   İlkokul İLKOKUL KÜTÜPHANESİ İLKOKUL KÜTÜPHANESİ 14/04/2026 Bağış   FIC ORA/İ 25065 14/04/2026 14/04/2026 Kitap